Inside ODBC (Record no. 294087)

MARC details
000 -LEADER
fixed length control field 00448nam a2200181Ia 4500
008 - FIXED-LENGTH DATA ELEMENTS--GENERAL INFORMATION
fixed length control field 230718s9999 xx 000 0 und d
041 ## - LANGUAGE CODE
Language code of text/sound track or separate title eng
082 ## - DEWEY DECIMAL CLASSIFICATION NUMBER
Classification number 005.74
Item number GIE
100 ## - MAIN ENTRY--PERSONAL NAME
Personal name Gieger K.
9 (RLIN) 147255
245 ## - TITLE STATEMENT
Title Inside ODBC
250 ## - EDITION STATEMENT
Edition statement REVISE
260 ## - PUBLICATION, DISTRIBUTION, ETC. (IMPRINT)
Date of publication, distribution, etc. 1995
Name of publisher, distributor, etc. Microsoft Press
300 ## - PHYSICAL DESCRIPTION
Extent 482
Accompanying material [OBSOLETE, CAN/MARC] Ref 94 C (5292)
365 ## - TRADE PRICE
Currency code Rs.
Price amount 948.00
500 ## - GENERAL NOTE
Keywords 94 C
700 ## - ADDED ENTRY--PERSONAL NAME
Personal name Gieger K.
9 (RLIN) 147255
906 ## - LOCAL DATA ELEMENT F, LDF (RLIN)
d B:453221-Aug-1995
c COMP
b 142.2
Holdings
Withdrawn status Lost status Source of classification or shelving scheme Reference No Damaged status Not for loan Home library Current library Date acquired Vendor Budget Code Cost, normal purchase price Bill number Full call number Barcode Date last seen Discount Cost, replacement price Bill Date Koha item type Original Barcode
    Dewey Decimal Classification Ref 94 C (5292)   Reference Cummins College of Engineering for Women Pune Cummins College of Engineering for Women Pune 15/09/1995 Technical Book Services COMP 805.80 4532 005.74 CCEP-BK-5292 18/07/2023 142.2 948.00 21/08/1995 Books 005292